Úspešnosť akvizícií a fúzií
Vymedzenie akvizícií a fúzií. Motívy ich vzniku. Kritériá pre posudzovanie úspešnosti akvizícií a fúzií. Príčiny neúspešnosti akvizícií a fúzií.
Salvato in:
| Autore principale: | |
|---|---|
| Altri autori: | |
| Natura: | Capitolo di libro |
| Lingua: | slovacco |
| Soggetti: | |
| Tags: |
Nessun Tag, puoi essere il primo ad aggiungerne!!
|
MARC
| LEADER | 00000nla$a2200000$$$4500 | ||
|---|---|---|---|
| 001 | 0092653 | ||
| 005 | 20240502072032.1 | ||
| 041 | 0 | |a slo | |
| 044 | |a SK | ||
| 245 | 1 | 0 | |a Úspešnosť akvizícií a fúzií |c Aneta Bobenič Hintošová, Peter Mesároš |
| 520 | |a Vymedzenie akvizícií a fúzií. Motívy ich vzniku. Kritériá pre posudzovanie úspešnosti akvizícií a fúzií. Príčiny neúspešnosti akvizícií a fúzií. | ||
| 610 | 2 | 0 | |a fúzie |
| 610 | 2 | 0 | |a kooperácia |
| 610 | 2 | 0 | |a zlučovanie podnikov |
| 610 | 2 | 0 | |a akvizícia |
| 610 | 2 | 0 | |a riadenie strategické |
| 100 | 1 | |a Bobenič Hintošová, Aneta, 1979- | |
| 700 | 1 | |a Mesároš, Peter | |